Μετάβαση στο περιεχόμενο

Международная практика прогнозирования мировых цен на финансовых рынках (сырье, акции, курсы валют) Монография

В книге дан теоретический очерк изменений в причинноследственных механизмах формирования цен на сырье акции курсы валют. Представлен полный всеохватывающий обзор моделей и инструментов прогнозирования мировых цен (сырье акции валютные курсы). Детально рассмотрены мировая практика их применения точно...

Πλήρης περιγραφή

Αποθηκεύτηκε σε:
Λεπτομέρειες βιβλιογραφικής εγγραφής
Κύριος συγγραφέας: Жукова Т.В
Μορφή: Монография
Έκδοση:1
Διαθέσιμο Online:https://znanium.com/catalog/document?id=289689
https://znanium.com/cover/0498/498502.jpg
Ετικέτες: Προσθήκη ετικέτας
Δεν υπάρχουν, Καταχωρήστε ετικέτα πρώτοι!
LEADER 03271nam0a2200361 i 4500
001 RU\infra-m\znanium\bibl\498502
003 https://znanium.com/catalog/document?id=289689
005 20191221000000.0
010 |a 978-5-9776-0364-5 
100 |a 20191221d2015 m y0rusy0150 ca 
101 0 |a rus 
102 |a RU 
200 1 |a Международная практика прогнозирования мировых цен на финансовых рынках (сырье, акции, курсы валют)  |e Монография  |f Национальный исследовательский институт мировой экономики и международных отношений им. Е.М. Примакова 
205 |a 1 
210 1 |a Москва  |c Издательство "Магистр"  |d 2014 
215 |a 456 с. 
330 |a В книге дан теоретический очерк изменений в причинноследственных механизмах формирования цен на сырье акции курсы валют. Представлен полный всеохватывающий обзор моделей и инструментов прогнозирования мировых цен (сырье акции валютные курсы). Детально рассмотрены мировая практика их применения точность прогнозов. Разработана карта основных российских и международных исследований в области прогнозирования цен. Создан «атлас» ключевых центров прогнозирования. Представлены наиболее известные имена тех кто пытается «предвидеть будущее» в ключевой для многих экономик области мировых цен на ресурсы. 
333 |a ВО - Магистратура 
606 |a Экономика. Бухгалтерский учет. Финансы  |x Финансы. Денежное обращение. Кредит  |2 local 
606 |a Экономика. Бухгалтерский учет. Финансы  |x Ценообразование  |2 local 
608 |a Монография  |2 local 
675 |a 339.72:339.977  |z rus 
686 |a 65.268-2  |2 rubbk 
686 |a 38.04.01  |2 okso 
686 |a 38.04.08  |2 okso 
700 1 |a Жукова  |b Т.В. 
701 1 |a Кудинова  |b М.М. 
701 1 |a Бахтараева  |b К.Б. 
701 1 |a Левченко  |b А.В. 
702 1 |a Миркин  |b Я.М.  |g Яков Моисеевич  |p Национальный исследовательский институт мировой экономики и международных отношений им. Е.М. Примакова  |r Под ред. 
801 0 |a RU  |b Общество с ограниченной ответственностью «ЗНАНИУМ»  |c 20141205  |2 rusmarc 
856 4 |a znanium.com  |m ebs_support@infra-m.ru  |n НИЦ ИНФРА-М  |u https://znanium.com/catalog/document?id=289689 
856 4 1 |a znanium.com  |d /cover/0498  |f 498502.jpg  |q image/jpeg  |u https://znanium.com/cover/0498/498502.jpg